| 000 | 00000nam 2200000za 4500 |
| 001 | 9.838114 |
| 003 | CaOODSP |
| 005 | 20221107151313 |
| 007 | cr ||||||||||| |
| 008 | 170612s2017 onca o f000 0 fre d |
| 020 | |z978-0-660-08495-4 |
| 040 | |aCaOODSP|bfre |
| 043 | |an-cn--- |
| 086 | 1 |aCC172-173/2017F-PDF|zCC172-173/2017-PDF |
| 245 | 00|aGuide du client pour la gammagraphie industrielle |h[ressource électronique]. |
| 260 | |aOttawa : |bCommission canadienne de sûreté nucléaire, |c[2017] |
| 300 | |a[1] p. : |bill. en coul. |
| 500 | |aPubl. aussi en anglais sous le titre : Industrial radiography client guide. |
| 500 | |aTitre de départ. |
| 500 | |aLe n° de catalogue (CC172-173/2017-PDF) et l’ISBN (978-0-660-08495-4) de l'édition bilingue ont été copiés dans cette publication. |
| 530 | |aÉgalement publ. en version imprimée bilingue. |
| 692 | 07|2gccst|aTechnologie nucléaire |
| 692 | 07|2gccst|aRayonnement |
| 692 | 07|2gccst|aSécurité au travail |
| 692 | 07|2gccst|aMesure de sécurité |
| 710 | 2 |aCommission canadienne de sûreté nucléaire. |
| 775 | 08|tIndustrial radiography client guide |w(CaOODSP)9.838109 |
| 856 | 40|qPDF|s568 Ko|uhttps://publications.gc.ca/collections/collection_2017/ccsn-cnsc/CC172-173-2017-fra.pdf |